<?xml version="1.0" encoding="UTF-8"?>
<record
    xmlns:xsi="http://www.w3.org/2001/XMLSchema-instance"
    xsi:schemaLocation="http://www.loc.gov/MARC21/slim http://www.loc.gov/standards/marcxml/schema/MARC21slim.xsd"
    xmlns="http://www.loc.gov/MARC21/slim">

  <leader>02947nam a2200385 i 4500</leader>
  <controlfield tag="001">35766</controlfield>
  <controlfield tag="003">FINmELB</controlfield>
  <controlfield tag="005">20241216221349.0</controlfield>
  <controlfield tag="006">m     o  u        </controlfield>
  <controlfield tag="007">cr cn|||||||||</controlfield>
  <controlfield tag="008">221229s2021    sp     fo     000 0 spa d</controlfield>
  <datafield tag="017" ind1=" " ind2=" ">
    <subfield code="a">D.L. M-32796-2021</subfield>
    <subfield code="b">Oficina Dep&#xF3;sito Legal Madrid</subfield>
  </datafield>
  <datafield tag="020" ind1=" " ind2=" ">
    <subfield code="a">9788470528811</subfield>
    <subfield code="q">versi&#xF3;n electr&#xF3;nica</subfield>
  </datafield>
  <datafield tag="020" ind1=" " ind2=" ">
    <subfield code="z">9788470528804</subfield>
    <subfield code="q">versi&#xF3;n impresa</subfield>
  </datafield>
  <datafield tag="035" ind1=" " ind2=" ">
    <subfield code="a">(OCoLC) 1363111919</subfield>
  </datafield>
  <datafield tag="040" ind1=" " ind2=" ">
    <subfield code="a">FINmELB</subfield>
    <subfield code="b">spa</subfield>
    <subfield code="e">rda</subfield>
    <subfield code="c">FINmELB</subfield>
  </datafield>
  <datafield tag="050" ind1=" " ind2="4">
    <subfield code="a">HJ2305</subfield>
    <subfield code="b">.P738 2021</subfield>
  </datafield>
  <datafield tag="080" ind1=" " ind2=" ">
    <subfield code="a">336.14:352</subfield>
  </datafield>
  <datafield tag="082" ind1="0" ind2="4">
    <subfield code="a">336.2</subfield>
    <subfield code="2">23</subfield>
  </datafield>
  <datafield tag="245" ind1="0" ind2="0">
    <subfield code="a">Pr&#xE1;ctica tributaria, presupuestaria y financiera en las Entidades Locales :</subfield>
    <subfield code="b">casos pr&#xE1;cticos sobre tributos, presupuestos y endeudamiento de Entidades Locales /</subfield>
    <subfield code="c">coordinadores, Beatriz Moreno Serrano, Manuel Pons Rebollo.</subfield>
  </datafield>
  <datafield tag="264" ind1=" " ind2="1">
    <subfield code="a">Madrid :</subfield>
    <subfield code="b">Wolters Kluwer,</subfield>
    <subfield code="c">2021.</subfield>
  </datafield>
  <datafield tag="264" ind1=" " ind2="4">
    <subfield code="c">&#xA9;2021</subfield>
  </datafield>
  <datafield tag="300" ind1=" " ind2=" ">
    <subfield code="a">1 recurso en l&#xED;nea (702 p&#xE1;ginas)</subfield>
  </datafield>
  <datafield tag="336" ind1=" " ind2=" ">
    <subfield code="a">texto</subfield>
    <subfield code="b">txt</subfield>
    <subfield code="2">rdacontent/spa</subfield>
  </datafield>
  <datafield tag="337" ind1=" " ind2=" ">
    <subfield code="a">computadora</subfield>
    <subfield code="b">c</subfield>
    <subfield code="2">rdamedia/spa</subfield>
  </datafield>
  <datafield tag="338" ind1=" " ind2=" ">
    <subfield code="a">recurso en l&#xED;nea</subfield>
    <subfield code="b">cr</subfield>
    <subfield code="2">rdacarrier/spa</subfield>
  </datafield>
  <datafield tag="520" ind1=" " ind2=" ">
    <subfield code="a">La presente monograf&#xED;a trata de resolver cuestiones de car&#xE1;cter pr&#xE1;ctico relacionadas con los tributos y presupuestos de las Entidades Locales y lo hace a trav&#xE9;s de un amplio inventario de casos extra&#xED;dos de la pr&#xE1;ctica municipal.Trabajar en la administraci&#xF3;n p&#xFA;blica m&#xE1;s cercana al ciudadano, la municipal, adquiere cada vez una mayor complejidad.En materia tributaria, ya no basta con dominar la normativa aplicable. Ahora es igual de necesario, incluso m&#xE1;s, conocer la Jurisprudencia del Tribunal Supremo en este &#xE1;mbito. Precisamente, en una rama jur&#xED;dica en la que se muestra especialmente &#xFA;til el nuevo recurso de casaci&#xF3;n es en la de los tributos locales.Por todos es conocido el protagonismo asumido por el Tribunal Supremo en relaci&#xF3;n con el IIVTNU. Desde la sentencia del Tribunal Constitucional de 11 de mayo de 2017 hasta la m&#xE1;s reciente del pasado 26 de octubre de 2021, ha sido el Alto Tribunal el que ha ido poniendo luz en la gesti&#xF3;n de este controvertido impuesto.Tambi&#xE9;n la rama presupuestaria se complica cada vez m&#xE1;s. Con la suspensi&#xF3;n de las reglas fiscales propiciada por la COVID-19, sigue siendo de aplicaci&#xF3;n el r&#xE9;gimen presupuestario del TRLRHL, pero &#xBF;qu&#xE9; incidencia tiene esta suspensi&#xF3;n en los presupuestos municipales?.En este manual se despejan las dudas que se plantean con ocasi&#xF3;n de la suspensi&#xF3;n de las reglas fisca.</subfield>
  </datafield>
  <datafield tag="588" ind1=" " ind2=" ">
    <subfield code="a">Descripci&#xF3;n basada en metadatos suministrados por el editor y otras fuentes.</subfield>
  </datafield>
  <datafield tag="590" ind1=" " ind2=" ">
    <subfield code="a">Recurso electr&#xF3;nico. Santa Fe, Arg.: elibro, 2022. Disponible v&#xED;a World Wide Web. El acceso puede estar limitado para las bibliotecas afiliadas a elibro.</subfield>
  </datafield>
  <datafield tag="650" ind1=" " ind2="4">
    <subfield code="a">Presupuestos locales.</subfield>
  </datafield>
  <datafield tag="650" ind1=" " ind2="4">
    <subfield code="a">Hacienda municipal.</subfield>
  </datafield>
  <datafield tag="655" ind1=" " ind2="4">
    <subfield code="a">Libros electr&#xF3;nicos.</subfield>
  </datafield>
  <datafield tag="797" ind1="2" ind2=" ">
    <subfield code="a">elibro, Corp.</subfield>
  </datafield>
  <datafield tag="856" ind1="4" ind2="0">
    <subfield code="u">https://elibro.net/ereader/politecnicointernacional/207867</subfield>
  </datafield>
  <datafield tag="999" ind1=" " ind2=" ">
    <subfield code="c">35766</subfield>
    <subfield code="d">35766</subfield>
  </datafield>
</record>
